Taylor Swift Billboard Hot 100 (2006-2022) - Statistics

General Stats
  • This quiz has been taken 21,557 times
    12,211 since last reset
  • The average score is 86 of 184
Answer Stats
Release Year Peak pos. Song % Correct
2014 01 Shake It Off
90%
2022 01 Anti-Hero
88%
2014 01 Blank Space
88%
2008 04 Love Story
85%
2008 11 Love Story
85%
2019 10 Lover
84%
2020 01 Cardigan
83%
2012 06 Red
83%
2012 25 Red
83%
2017 01 Look What You Made Me Do
82%
2019 02 ME!(ft. Brendon Urie)
82%
2008 02 You Belong With Me
81%
2009 75 You Belong With Me
81%
2012 01 All Too Well
80%
2012 80 All Too Well
80%
2014 01 Bad Blood
80%
2012 20 22
77%
2012 52 22
77%
2012 01 We Are Never EverGetting Back Together
77%
2012 55 We Are Never Ever Getting Back Together
77%
2019 29 Cruel Summer
76%
2015 06 Style
76%
2011 13 Ours
75%
2008 09 Fearless
74%
2008 71 Fearless
74%
2012 02 I Knew You Were Trouble
74%
2012 46 I Knew You Were Trouble
74%
2022 02 Lavender Haze
72%
2010 08 Speak Now
72%
2020 01 Willow
72%
2022 09 Karma
70%
2006 16 Our Song
70%
2020 23 August
69%
2014 05 Wildest Dreams
68%
2014 37 Wildest Dreams
68%
2010 75 Enchanted
67%
2010 03 Mine
67%
2017 04 ...Ready For It?
67%
2011 11 Mean
65%
2017 12 Delicate
64%
2006 40 Tim Mcgraw
64%
2019 02 You Need To Calm Down
64%
2020 42 Betty
63%
2022 03 Maroon
63%
2020 04 The 1
63%
2010 54 Dear John
61%
2017 18 End Game(ft. Ed Sheeran)
61%
2010 06 Back To December
60%
2022 06 Bejeweled
60%
2020 06 Exile
60%
2022 04 Snow On The Beach(ft. Lana Del Ray)
60%
2020 21 Champagne Problems
59%
2022 05 Midnight Rain
58%
2014 18 Out Of The Woods
58%
2011 17 Sparks Fly
58%
2014 48 Welcome To New York
58%
2020 57 Evermore(ft. Bon Iver)
56%
2006 28 Picture To Burn
56%
2019 23 The Man
55%
2006 23 Fifteen
53%
2006 88 Fifteen
53%
2006 13 Teardrops On My Guitar
53%
2010 85 Long Live
51%
2019 38 The Archer
51%
2022 10 Vigilante S***
51%
2022 08 You're On Your Own, Kid
51%
2010 56 Better Than Revenge
50%
2017 13 Gorgeous
50%
2022 13 Mastermind
50%
2008 13 White Horse
50%
2010 63 Haunted
49%
2014 46 New Romantics
48%
2019 45 Paper Rings
48%
2020 26 Mirrorball
47%
2022 07 Question...?
47%
2020 13 The Last Great American Dynasty
47%
2019 89 Daylight
45%
2020 44 Illicit Affairs
45%
2020 16 My Tears Ricochet
45%
2020 34 No Body, No Crime
45%
2012 13 State Of Grace
45%
2012 18 State Of Grace
45%
2011 41 The Story Of Us
45%
2019 57 Cornelia Street
44%
2020 75 Marjorie
44%
2020 35 Seven
44%
2013 32 Everything Has Changed
43%
2013 63 Everything Has Changed
43%
2020 71 Hoax
43%
2020 37 Invisible String
42%
2010 71 Last Kiss
42%
2021 30 Mr Perfectly Fine
42%
2022 32 Paris
42%
2011 26 The Great War
42%
2019 75 Afterglow
41%
2017 02 I Don't Wanna Live Forever (ft. Zayn Malik)
41%
2019 62 London Boy
41%
2020 58 Peace
41%
2020 39 This Is Me Trying
41%
2020 40 Gold Rush
40%
2020 61 Ivy
40%
2019 49 Miss Americana & the Heartbreak Prince
40%
2022 15 Sweet Nothing
40%
2014 50 This Love
40%
2020 45 Tolerate It
40%
2022 20 Would've, Could've, Should've
40%
2022 14 Labyrinth
39%
2014 51 Wonderland
39%
2010 27 Innocent
38%
2006 33 Should've Said No
38%
2008 72 The Way I Loved You
38%
2008 94 The Way I Loved You
38%
2012 07 Begin Again
37%
2012 77 Begin Again
37%
2020 67 Dorothea
37%
2008 94 Hey Stephen
37%
2012 67 Stay Stay Stay
37%
2012 91 Stay Stay Stay
37%
2020 63 Coney Island(ft. The National)
36%
2019 67 Death By A Thousand Cuts
36%
2008 34 Forever & Always
36%
2008 65 Forever & Always
36%
2010 84 Never Grow Up
36%
2012 54 Treacherous
36%
2017 27 Call It What You Want
35%
2020 71 Cowboy Like Me
35%
2022 41 Glitch
35%
2020 39 'Tis The Damn Season
35%
2022 45 Dear Reader
34%
2020 57 Epiphany
34%
2019 77 False God
34%
2019 28 I Forgot That You Existed
34%
2020 47 Mad Woman
34%
2011 26 Superman
34%
2021 22 I Bet You Think About Me
33%
2019 51 I Think He Knows
33%
2008 87 Breathe(ft. Colbie Caillat)
32%
2008 72 Breathless/ Breathe
32%
2012 16 Ronan
32%
2012 66 The Last Time(ft. Gary Lightbody Of Snow Patrol)
32%
2022 21 Bigger Than The Whole Sky
31%
2012 76 Holy Ground
31%
2019 63 Soon You'll Get Better
31%
2021 69 Babe
30%
2021 72 Babe
30%
2008 10 Change
30%
2020 52 Happiness
30%
2022 33 High Infidelity
30%
2021 43 Nothing New
30%
2009 47 Run
30%
2014 83 You Are In Love
29%
2012 51 Better Man
28%
2020 82 Closure
28%
2012 59 I Almost Do
28%
2012 65 I Almost Do
28%
2020 68 Long Story Short
28%
2021 45 Message In A Bottle
28%
2012 90 Starlight
28%
2019 92 It's Nice To Have A Friend
27%
2012 85 Sad Beautiful Tragic
26%
2012 84 The Lucky One
26%
2012 87 Come Back Be Here
25%
2009 10 Jump Then Fall
25%
2012 30 Safe And Sound(ft. Civil Wars)
25%
2012 83 The Moment I Knew
25%
2008 11 You're Not Sorry
25%
2009 23 The Other Side Of The Door
24%
2021 61 The Very First Night
24%
2010 11 If This Was A Movie
23%
2010 02 Today Was A Fairytale
23%
2021 79 Forever Winter
22%
2009 26 Superstar
21%
2012 19 Eyes Open
20%
2009 19 Untouchable
19%
2009 30 Come In With The Rain
18%
2021 51 You All Over Me
18%
2022 60 Carolina
17%
2009 17 Crazier
16%
2019 59 Christmas Tree Farm
14%
2019 62 Christmas Tree Farm
14%
2020 50 Only The Young
14%
2021 73 Renegade(ft. Big Red Machine)
14%
2022 21 The Joker & The Queen(ft. Ed Sheeran)
14%
2009 18 Two Is Better Than One
6%
No matching quizzes found
Score Distribution
Percent of People with Each Score
Percentile by Number Answered
Your Score History
You have not taken this quiz since the last reset